00458nmm a2200169Ia 4500008004100000020001800041041000800059100002200067245001600089264004200105300001800147490001900165650002900184856005100213942000700264999001700271251105s9999||||xx |||||||||||||||||und|| a9788416396078 aspa aSanín, Carolina 0aLos niños a[Madrid, España] :bSiruela, c2015 a100 páginas aNuevos tiempos aLatin American narrative uhttps://public.digitaliapublishing.com/a/44715 cCF c77681d77681